00631nam a22002177a 450000500170000001000290001702000260004603500270007203700130009903700190011208200140013110000240014524500670016926000340023627000460027030000270031650000190034365000190036265000160038170000160039720100819113936.0 aENG-100930 B-431103-105 a9788120341067c350.00 aEN-84463 B-431103-105 bDBAD/PUB bAllied Pub/Ven a612.38152 aNair, B. Somanathan aSolid state devices /cby B. Somanathan Nair [and] S. R. Deepa aNew DelhibPHI Learningc2010 aM-97, Connaught CircusbNew Delhie110001 axv, 376 p.b24cm (Pbk) aIncludes index aSemicandoctors aTransistar  aS. R. Deepa